| 000 | 00670nam a2200205 a 4500 | ||
|---|---|---|---|
| 005 | 20240919064730.0 | ||
| 008 | 991125s1977 bar 000 0 spa u | ||
| 020 | _a8472223280 | ||
| 035 | _aUPN01000045656 | ||
| 049 | _aCG | ||
| 050 | 4 |
_aLC189 _bG5.68 |
|
| 100 | 1 | _aGirardi, Giulio | |
| 245 | 1 | 0 |
_aPor una pedagogía revolucionaria / _cGiulio Girardi ; pref. Paulo Freire ; tr. Cuadernos de Educación (Caracas). |
| 260 |
_aBarcelona, Esp. : _bLaia, _c1977. |
||
| 300 | _a222 p. | ||
| 440 | 0 |
_aEdiciones de bolsillo ; _v504 _pCiencias humanas. Educación |
|
| 650 | 4 |
_aEducación _xAspectos sociales _95311 |
|
| 650 | 4 |
_aInnovaciones educativas _9386 |
|
| 905 | _aLibro | ||
| 999 |
_c45656 _d45656 |
||